=LDR 00000nam 2200000 4500 =001 INLIS000000000022439 =005 20230116115918 =035 ##$$a 0010-061300000022439 =008 230116###########################0###### =041 ##$$a Eng =082 ##$$a 427 =090 ##$$a 427, Bod c =100 ##$$a Podo, Hadi =245 1#$$a Conversational american english /$c Hadi podo =260 ##$$a Jakarta :$b Gramedia Pustaka Utama,$c 1992 =300 ##$$a 127 hlm ; $c 21 cm =650 #4$$a Conversation =850 ##$$a NBPNMAT =020 ##$$a 979-511-052-7 =084 ##$$a 427 POD c =990 ##$$a 000461441 =990 ##$$a 0001/BPAP-NTB/2016 =990 ##$$a 0001/BPAP-NTB/2016 =990 ##$$a 000461441 =990 ##$$a 0001/BPAP-NTB/2016 =990 ##$$a 000461441